Political reforms: asserting civic sovereignty (Record no. 396263)

000 -LEADER
fixed length control field 00533cam a22001697a 4500
008 - FIXED-LENGTH DATA ELEMENTS--GENERAL INFORMATION
fixed length control field 180718b2001 xxu||||| |||| 00| 0 eng d
020 ## - INTERNATIONAL STANDARD BOOK NUMBER
International Standard Book Number 8122006019
082 ## - DEWEY DECIMAL CLASSIFICATION NUMBER
Classification number B2 P192
245 ## - TITLE STATEMENT
Title Political reforms: asserting civic sovereignty
Statement of responsibility, etc. edited by V.A. Pai Panandiker and Subhash C. Kashyap
260 ## - PUBLICATION, DISTRIBUTION, ETC.
Place of publication, distribution, etc. New Delhi
Name of publisher, distributor, etc. Konark
Date of publication, distribution, etc. 2001
300 ## - PHYSICAL DESCRIPTION
Extent 362p.
650 ## - SUBJECT ADDED ENTRY--TOPICAL TERM
Topical term or geographic name entry element Political parties - India.
650 ## - SUBJECT ADDED ENTRY--TOPICAL TERM
Topical term or geographic name entry element Citizenship - India
650 ## - SUBJECT ADDED ENTRY--TOPICAL TERM
Topical term or geographic name entry element Political science - India
700 ## - ADDED ENTRY--PERSONAL NAME
Personal name Kashyap, Subhash C.
700 ## - ADDED ENTRY--PERSONAL NAME
Personal name Pai Panandiker, V.A.
Holdings
Withdrawn status Lost status Damaged status Not for loan Permanent Location Current Location Date acquired Full call number Barcode Date last seen Price effective from Koha item type
        Indian Institute of Public Administration Indian Institute of Public Administration 2001-03-13 B2 P192 76536 2018-07-21 2018-07-21 Book

Powered by Koha